LEADER 01042nam a2200241 i 4500 001 000000169932 003 CaOOAMICUS 005 20080305000000.0 008 080305s1991 it u000 u ita u 013 $a147337 040 $aSeMil$bita 100 1 $aGarzonio, Chiara Lucia.$0(OLS)http://semarc/name/57061 245 10$aSenza voltarsi indietro :$bvita di S. Agnese d'Assisi /$cChiara Lucia Garzonio. 260 $a[Firenze] :$bLibreria Editrice Fiorentina,$cstampa 1991. 300 $a189 p. :$bill. ;$c21 cm. 500 $aContiene : Bibliografia. - Fondo Card. Giovanni Colombo. 600 04$aAgnese : d'Assisi .$0(OLS)http://semarc/subject/32366 850 $aSeMil 852 $aSeMil$W1$xVenegono$y1$m3H II 399$j120836$B120836$CSeMilBibl$Z2$F133417 $81 941 1 $a3 961 $aLascito: Colombo Card. Giovanni 996 $6245$aSenza voltarsi indietro :$bvita di S. Agnese d'Assisi$9(OLS)http://semarc/title/243011 996 $6260$a[Firenze] :$bLibreria Editrice Fiorentina$9(OLS)http://semarc/publisher/31476 LEADER 00850nam a2200229 4500 001 000000334022 003 CaOOAMICUS 005 20211013095606.0 008 190613s2016 it 000 u ita r 020 $a978-88-06-22672-5 040 $aSeMil$bita 100 1 $aCognetti, Paolo,$d<1978- >.$0(OLS)http://semarc/name/109675 245 13$aLe otto montagne /$cPaolo Cognetti. 264 1$aTorino :$bEinaudi,$c2016. 300 $a199 p. ;$c22 cm 850 $aSeMil 852 $aSeMil$W1$xVenegono$y1$m1A III 140$j213636$B226241$CSeMilBibl$Z2$F226241 $81 961 $aBoretti don Giancarlo - Omaggio 996 $6020$a978-88-06-22672-5$9(OLS)http://semarc/number/287561 996 $6245$aLe otto montagne$9(OLS)http://semarc/title/423689 996 $6264$aTorino :$bEinaudi$9(OLS)http://semarc/publisher/29884 LEADER 02133nam a2200349 i 4500 001 000000072218 003 CaOOAMICUS 005 20140825000000.0 008 140825s1804 xx u000 u lat u 013 $a43390 026 $at.as r.ue i.t. prti (3) 1804 (R) 040 $aSeMil$bita 245 10$aBiblia sacra vulgatae editionis. Sixti 5. pontificis maximi iussu recognita, et Clementis 8. auctoritate edita; versiculis distincta, et ad singula capita argumentis aucta indiceque epistolarum, & ... et prolegomenis Ferdinandi Koph .. 260 $aVenetiis :$bEx Typographia Balleoniana,$c1804. 300 $alv, [1], 942, [2] p., [1] carta di tav. :$bantip. calcogr. ;$c8º. 500 $aAntip. incisa da B. Falconi. - Front. e testo in cornice xilogr. a doppio filetto. - Testo su due colonne. - Segn. : a-b8 c12 A-3N8 (3N8 bianca). 500 $aMarca editoriale: Aquila bicipite con una corona tra le due teste. In una cornice vegetale. (Repertorio consultato: Marte, BNC Roma). 650 4$aBibbia - Traduzioni latine - Vulgata.$0(OLS)http://semarc/subject/1529 700 1 $aKoph, Ferdinand.$0(OLS)http://semarc/name/35761 700 1 $aFalconi, Bernardo .$0(OLS)http://semarc/name/35762 700 0 $aClemens VIII,$c.$0(OLS)http://semarc/name/3051 700 0 $aSixtus V,$c.$0(OLS)http://semarc/name/13746 700 1 $aBaglioni,$c.$0(OLS)http://semarc/name/475 710 2 $aBibbia.$0(OLS)http://semarc/name/5326 850 $aSeMil 852 $aSeMil$W1$xVenegono$y1$m2Y V 26 FA$j38371$B38371$CSeMilBibl$Z2$F38374 $8I 900 0 $aClemente VIII$c. 900 0 $aSisto V$c. 996 $6245$aBiblia sacra vulgatae editionis. Sixti 5. pontificis maximi iussu recognita, et Clementis 8. auctoritate edita; versiculis distincta, et ad singula capita argumentis aucta indiceque epistolarum, & ... et prolegomenis Ferdinandi Koph ..$9(OLS)http://semarc/title/116367 996 $6260$aVenetiis :$bEx Typographia Balleoniana$9(OLS)http://semarc/publisher/29933